| 000 | 00690nam a2200265Ia 4500 | ||
|---|---|---|---|
| 003 | OSt | ||
| 005 | 20221007110500.0 | ||
| 006 | a|||||r|||| 00| 0 | ||
| 007 | ta | ||
| 008 | 221006b |||||||| |||| 00| 0 eng d | ||
| 020 | _a0623612108 | ||
| 024 | _a21,207 | ||
| 037 | _cTextual | ||
| 040 |
_aLCO _cLCO _beng |
||
| 041 |
_2eng _aeng |
||
| 082 | _aY11.73, M0 | ||
| 100 |
_aKaudshin Alfred _9707546 |
||
| 245 | 0 | _aChild Welfare Services | |
| 250 | _a3rd | ||
| 260 |
_aNew _bYork Macmillan Publishing Co. U.S.A. _c1980 |
||
| 300 | _a718 | ||
| 650 |
_aCHILD _9297337 |
||
| 942 |
_hY11.73, M0 _cTEXL |
||
| 999 |
_c1190770 _d1190770 |
||